Loading...

Sidereal digital clock

Bibliographic Details
Main Author: George Thomas.K
Published: Department of Physics, University of Kerala 1987
LEADER 00488nam a2200193 4500
020
082 |a THE-MSc87 108 
100 |a George Thomas.K 
245 |a Sidereal digital clock 
250
260 |a Department of Physics, University of Kerala  |c 1987 
300
490
500
590
650
942 |c THESIS 
999 |c 86873  |d 86873 
952 |0 0  |1 0  |4 0  |6 THE_MSC87_108_000000000000000  |7 0  |9 100341  |a PHY  |b PHY  |l 0  |o THE-MSc87 108  |p PHYxx249  |r 2019-09-24  |w 2019-09-24  |y THESIS